000 00795nam a2200289Ia 4500
003 OSt
005 20221006140536.0
006 a|||||r|||| 00| 0
007 ta
008 221006b |||||||| |||| 00| 0 jpn d
020 _a1920330028002
020 _a9784272200627
_c¥2900
024 _a30
037 _bGift, Japan Foundation
_cTextual
040 _aEASL
_cEASL
_bjpn
041 _2jpn
_ajpn
082 _aV42.N96, N7.
100 _aWATANABE Osamu
_9642698
245 0 _aGendai Nihon
260 _aTokyo
_bOtsuki Shoten Japan
_c1997
300 _a366
_ccm.
490 _v V.2JL
650 _aJL
_9642699
700 _a GOTO Michio
_9642700
942 _hV42.N96, N7.
_cTEXL
_2CC
999 _c1068119
_d1068119